000
00276nam a2200109Ia 4500
008
220216s9999 xx 000 0 und d
245
0
_a
RRIM natural rubber processing course
260
_b
Planters Bulletin
_c
1971
300
_a
193-197
650
_a
Natural rubber
942
_c
JS
999
_c
67371
_d
67371